| 000 | 00464nam a2200157Ia 4500 | ||
|---|---|---|---|
| 008 | 231217s9999 xx 000 0 und d | ||
| 020 | _a81-85135-22-3 | ||
| 041 | _aEnglish | ||
| 082 | _a379.54 SAP;1 R | ||
| 100 | _aSapra, C L. Aggarwal, Yash ed. | ||
| 245 | 0 | _aEducation in India : some critical issues | |
| 260 |
_c1987 _bNational Book Organisation _aNew Delhi, India |
||
| 300 | _axviii, 170 p. | ||
| 650 | _aEducation,India,some,critical | ||
| 942 | _cAA | ||
| 999 |
_c195234 _d195234 |
||